000 00349 a2200169 4500
001 194613
020 _a978-85-08-15732-7
040 _cMagnum
100 _aAlencar, José de
240 1 0 _aO Guarani
_lpor
245 1 0 _aO Guarani
300 _a96
362 0 _a2013
440 1 _aÁtica
697 _aLITERATURA INFANTO-JUVENIL
942 _cBK
999 _c194613
_d194613